Actor's With "R" in Their Name by Picture - Statistics

General Stats
  • This quiz has been taken 134 times
  • The average score is 11 of 17
Answer Stats
Picture Answer % Correct
Keanu Reeves
93%
Harrison Ford
90%
Kristen Stewart
78%
Bradley Cooper
77%
Idris Elba
77%
Jeremy Renner
74%
Anna Kendrick
68%
Tom Hardy
67%
Jimmy Stewart
66%
Brie Larson
57%
Lynda Carter
54%
Pedro Pascal
51%
Alicia Silverstone
48%
Matthew Broderick
48%
Lin Manuel-Miranda
47%
Mark Hamill
47%
Eric Bana
35%
No matching quizzes found
Score Distribution
Percent of People with Each Score
Percentile by Number Answered
Your Score History
You have not taken this quiz